... The road to good nutrition, (Record no. 36394)

MARC details
000 -LEADER
fixed length control field 01193cam a22002771 4500
001 - CONTROL NUMBER
control field l 42000141
003 - CONTROL NUMBER IDENTIFIER
control field DLC
005 - DATE AND TIME OF LATEST TRANSACTION
control field 20260227111538.0
008 - FIXED-LENGTH DATA ELEMENTS--GENERAL INFORMATION
fixed length control field 750910s1942 xx f000 0 eng
010 ## - LIBRARY OF CONGRESS CONTROL NUMBER
LC control number l 42000141
035 ## - SYSTEM CONTROL NUMBER
System control number (OCoLC)1615267
040 ## - CATALOGING SOURCE
Original cataloging agency DLC
Transcribing agency FM
Modifying agency OCoLC
-- DLC
042 ## - AUTHENTICATION CODE
Authentication code premarc
050 00 - LIBRARY OF CONGRESS CALL NUMBER
Classification number RJ206
Item number .R66
082 ## - DEWEY DECIMAL CLASSIFICATION NUMBER
Classification number 612.39
-- (362.706173)
100 1# - MAIN ENTRY--PERSONAL NAME
Personal name Roberts, Lydia J.
Fuller form of name (Lydia Jane)
245 18 - TITLE STATEMENT
Title ... The road to good nutrition,
Statement of responsibility, etc. by Lydia J. Roberts in collaboration with members of the Children's bureau staff ...
260 ## - PUBLICATION, DISTRIBUTION, ETC.
Place of publication, distribution, etc. Washington,
Name of publisher, distributor, etc. U.S. Govt. print off.,
Date of publication, distribution, etc. 1942.
300 ## - PHYSICAL DESCRIPTION
Extent v, 54 p.
Other physical details front., plates, diagrs.
Dimensions 23 cm.
490 0# - SERIES STATEMENT
Series statement U. S. Children's bureau. Bureau publication
Volume/sequential designation no. 270
500 ## - GENERAL NOTE
General note At head of title: United States Dept. of labor, Frances Perkins, secretary. Children's bureau, Katharine F. Lenroot, chief.
500 ## - GENERAL NOTE
General note "Much of the material in this bulletin was based by Dr. Roberts on her textbook, Nutrition work with children."--p. ii.
500 ## - GENERAL NOTE
General note "Selected publications of the federal government with regard to nutrition in children": p. 54.
650 #0 - SUBJECT ADDED ENTRY--TOPICAL TERM
Topical term or geographic name entry element Children
General subdivision Nutrition.
650 #0 - SUBJECT ADDED ENTRY--TOPICAL TERM
Topical term or geographic name entry element Infants
General subdivision Nutrition.

No items available.

Powered by Koha